Top Cities by Category #3 - Statistics

General Stats
  • This quiz has been taken 61 times
  • The average score is 25 of 40
Answer Stats
Category Rank City % Correct
Most Billionaires 1 New York City
100%
Most GDP 2 New York City
100%
Most 5 Star Hotels 3 New York City
100%
Most Estimated Buddhists 2 Tokyo
98%
Most GDP 1 Tokyo
98%
Most GDP 5 Paris
94%
Most 5 Star Hotels 4 Paris
91%
Most Billionaires 2 Guangzhou / Shenzhen
87%
Most Billionaires 3 London
87%
Most Visited (Internationally) 3 London
87%
Most GDP 4 London
87%
Most 5 Star Hotels 1 London
87%
Biggest 2100 Population 5 Delhi
85%
Most GDP 3 Los Angeles
83%
Size 4 Beijing
81%
Most Billionaires 5 Beijing
81%
Most Estimated Buddhists 1 Bangkok
77%
Most Visited (Internationally) 2 Bangkok
77%
Biggest 2100 Population 1 Lagos
74%
Most Visited (Internationally) 4 Singapore
74%
Most Billionaires 4 Mumbai
72%
Biggest 2100 Population 4 Mumbai
72%
Biggest 2100 Population 2 Kinshasa
70%
Most Visited (Internationally) 5 Dubai
68%
Most 5 Star Hotels 2 Dubai
68%
Most Estimated Buddhists 5 Osaka
64%
Closest to Equator 1 Quito
60%
Most Visited (Internationally) 1 Hong Kong
58%
Most Estimated Buddhists 4 Yangon
43%
Size 1 Chongqing
30%
Size 5 Chengdu
28%
Closest to Equator 2 Kampala
28%
Biggest 2100 Population 3 Dar Es Salaam
26%
Most 5 Star Hotels 5 Miami
26%
Most Estimated Buddhists 3 Xiamen
21%
Size 3 Hangzhou
13%
Size 2 Harbin
4%
Closest to Equator 5 Batam
2%
Closest to Equator 4 Kisangani
2%
Closest to Equator 3 Pekanbaru
2%
No matching quizzes found
Score Distribution
Percent of People with Each Score
Percentile by Number Answered
Your Score History
You have not taken this quiz